TV Shows by Same First Letter Characters Quiz Stats

 Plays Quiz Updated Jul 7, 2019

Score 0/25 Timer 06:00
6 Plays Today
% Correct
Friends
94.6%
SpongeBob SquarePants
93.9%
The Flintstones
91.8%
Sex and the City
89%
Gilmore Girls
86.2%
The Simpsons
84.6%
Roseanne
81.2%
Cheers
77.7%
Full House
73.8%
Modern Family
71.1%
Family Ties
71%
Riverdale
69.1%
Arrested Development
67.5%
% Correct
Growing Pains
63.5%
Parks and Recreation
60.9%
Bob's Burgers
59.7%
Charmed
58.5%
3rd Rock from the Sun
55.9%
Young Sheldon
55.1%
Mad Men
55.1%
The Walking Dead
53.5%
True Blood
52%
Community
51.7%
Pretty Little Liars
51.4%
Phineas & Ferb
37.8%

You're not logged in!

Compare scores with friends on all Sporcle quizzes.
OR
Log In

Sporcle TV

Today on Sporcle TV


Watch our educational content, quiz creation guides, and fun videos on Sporcle TV.

Show Comments

Extras

Top Quizzes Today


Score Distribution

Your Account Isn't Verified!

In order to create a playlist on Sporcle, you need to verify the email address you used during registration. Go to your Sporcle Settings to finish the process.

Report this User

Report this user for behavior that violates our Community Guidelines.

Details: